Loading...

Hospital-associated infections Epidemiology, prevention and control /

Bibliographic Details
Main Author: Patwardhan, Nita
Language:Undetermined
Published: New Delhi : Jaypee , 2006.
Subjects:
LEADER 00583nam a2200181Ia 4500
001 156826
008 170722s9999 xx 000 0 und d
020 |a 8180617777 
100 |a Patwardhan, Nita 
245 |a Hospital-associated infections  |b Epidemiology, prevention and control / 
260 |a New Delhi :  |b Jaypee ,  |c 2006. 
300 |a x+275 
653 |a Epidemiology 
653 |a Medicine 
923 |d 20080915  |n CRB/0035/0 
942 |c GEN 
999 |c 138592  |d 138592 
952 |0 0  |1 0  |4 0  |6 L_425_P61  |7 0  |9 195944  |a LIB  |b LIB  |d 2013-03-25  |e VP  |o L:42:5 P61  |p 270243  |r 2017-08-12  |v 395.00  |w 2017-08-12  |y GEN